Introduction to research methodology (Record no. 3552)

MARC details
000 -LEADER
fixed length control field 00904nam a2200157 4500
020 ## - INTERNATIONAL STANDARD BOOK NUMBER
ISBN 9781754311
050 ## - CALL NUMBER
Classification number BF 76.5
Item number .Os8
100 ## - AUTHOR
Personal name C. Osuala
245 ## - TITLE
Title Introduction to research methodology
250 ## - EDITION
Edition statement 3rd
260 ## - PUBLICATION INFORMATION
Place of publication Nigeria
Name of publisher Africana First Publishers Limited
Year of publication 2007
300 ## - DESCRIPTION
Number of Pages 307 pg
505 ## - FORMATTED CONTENTS NOTE
Table of Content The nature and importance of research<br/>The nature of science<br/>The essential parts of a research paper<br/>The library library<br/>The formulation and testing of the hypothesis<br/>Other methods of testing hypothesis<br/>Measures of strength of association <br/>Sampling and randomness<br/>Collection and analysis of data<br/>The basic methods of research<br/>Methods and designs for descriptive research<br/>The experiment research method<br/>Attitude measurement<br/>The survey research method<br/>The mail questionnaire <br/>Organising and presenting research project
650 ## - SUBJECTS
Topical Term Research.
General subdivision Methodology.
942 ## - ADDED ENTRY ELEMENTS (KOHA)
Koha item type Books
Holdings
Withdrawn status Lost status Home library Current library Shelving location Date acquired Full call number Accession Number Koha item type
    Methodist University Library Main Methodist University Library Main General Stacks 01/10/2008 BF 76.5 .Os8 19359 Books
    Methodist University Library Main Methodist University Library Main General Stacks   BF 76.5 .Os8   Books
Copyright © 2026  MUG Library